History by Letter 'U' (Multiple Choice) - Statistics

General Stats
  • This quiz has been taken 14 times
  • The average score is 8 of 11
Answer Stats
Question Answer % Correct
These things used to sink ships. U-boats
100%
A person that prepares corpses to look nice while lying in boxes being stared at. Undertaker
100%
A planet. Uranus
100%
Northernmost province of Ireland. Ulster
92%
A long book that covers only one day in the life of a Jew in Dublin. A book that was banned for a time for obscenity. Ulysses
85%
A really fast bastard. Usain Bolt
85%
A Union general who fled the battlefield of Shiloh to "get reinforcements." Yeah, right. Ulysses S. Grant
69%
Australian singer. Married a Hawaiian who lives in Bel Air but still calls Australia Rome. Keith Urban
54%
Frontman for a band that sang about the capital of Austria. Midge Ure
46%
The above frontman's band. Ultravox
46%
Blondie song. Union City Blues
38%
No matching quizzes found
Score Distribution
Percent of People with Each Score
Percentile by Number Answered
Your Score History
You have not taken this quiz